|
|
|
|
| LEADER |
00799pam a22002298a 4500 |
| 001 |
00021961 |
| 005 |
20171026081022.0 |
| 008 |
110527s1982 ||||||Viesd |
| 041 |
0 |
# |
|a Vie
|
| 082 |
1 |
4 |
|a 891.73
|b L106N
|
| 100 |
0 |
# |
|a Da crut kin.V.A
|
| 245 |
0 |
0 |
|a Làng nổi
|b Giải thưởng Xtalin năm 1951
|c V.A Dacrut kin; Vũ Việt
|
| 260 |
# |
# |
|b Thanh niên
|c 1982
|a H.
|
| 300 |
# |
# |
|a 402 tr.
|c 19 cm.
|
| 650 |
# |
4 |
|a Văn học hiện đại Liên Xô
|
| 653 |
# |
# |
|a Tiểu thuyết
|
| 700 |
0 |
# |
|a Vũ Việt
|e Dịch
|
| 852 |
# |
# |
|b Kho mượn
|j KM.0010139, KM.0010140
|
| 852 |
# |
# |
|b Kho đọc
|j KD.0006269
|
| 852 |
# |
# |
|j KM.0010140
|j KD.0006269
|j KM.0010139
|
| 910 |
0 |
# |
|a Hoa Lê
|d 27/05/2011
|
| 980 |
# |
# |
|a Trung tâm Học liệu Lê Vũ Hùng, Trường Đại học Đồng Tháp
|